01381cam a2200325 a 4500999001700000001000800017003000400025005001700029008004100046010001700087020001500104040001800119043001200137050002100149082002900170100003900199245012900238260005700367300003400424500013000458504006400588610005000652650004500702650004400747651003100791710003200822906004500854942003300899952012300932 c27178d271784923404OSt20170207150640.0950103s1995 vaua bc 001 0 eng  a 95003052  a0883971151 aDLCcDLCdDLC ae-dk---00aNC273b.N67 199500a741.9/489/09034074732202 aNørregård-Nielsen, Hans Edvard.14aThe golden age of Danish art :bdrawings from the Royal Museum of Fine Arts, Copenhagen /cHans Edvard Nørregård-Nielsen. aAlexandria, VA :bArt Services International,c1995. a255 p. :bcol. ill. ;c33 cm. aPublished as a companion to the exhibition of the same name, which is organized and circulated by Art Services International. aIncludes bibliographical references (p. 252-253) and index.20aStatens museum for kunst (Denmark)vCatalogs. 0aDrawing, Danishy19th centuryvCatalogs. 0aDrawingzDenmarkzCopenhagenvCatalogs. 0aDenmarkxIn artvCatalogs.2 aArt Services International. a7bcbccorignewd1eocipf19gy-gencatlg 2lcccBOOKShNC 273 .N67 1995 00102lcc4070aMUCbMUCcTECHd2017-02-07eDonation (BFA)l0oNC 273 .N67 1995p34948r2018-07-06w2017-02-07yBOOKS